| 000 | 00531nam a2200157Ia 4500 | ||
|---|---|---|---|
| 008 | 230907s9999||||xx |||||||||||||| ||und|| | ||
| 082 |
_a621.3 _bUZA |
||
| 100 |
_aMuhammad Uzair Jahanzeb (00000317617) _9116666 |
||
| 245 | 0 | _aMulti-Parametric Optimization and Gas Path Analysis of a civil Turbofan Aero-engine Incorporating Hydrogen Fuel / | |
| 260 |
_aUSPCAS-E, NUST, _bIslamabad : _c2022 |
||
| 300 | _axiii,59 p. | ||
| 520 | _aTH-336 | ||
| 650 | _aMS-TEE Thesis MS Thesis | ||
| 700 |
_aDr Majid Ali _929033 |
||
| 942 |
_cTHE _2ddc |
||
| 999 |
_c602014 _d602014 |
||